000 00616nam a22001937a 4500
008 150511b xxu||||| |||| 00| 0 eng d
020 _a9780078097850 (hardback)
020 _a0078097851 ()
041 0 _aeng
080 _a37.01
100 _aFraenkel, Jack R.,
245 1 0 _aHow to design and evaluate research in education /
_cJack Fraenkel, Norman Wallen, Helen, Hyun.
250 _aBotimi 8
260 _aNew York :
_bMcGraw-Hill Humanities/Social Sciences/Languages,
_c2011.
300 _a642 f.:
_bme il.
_c27 cm.
650 0 _xHulumtimi
_xMetodologjia
650 0 _xHulumtimi
_xEvolucioni
942 _2udc
_cBK
999 _c729
_d729